000 00702nam a2200205 i 4500
001 75303
003 ES-MaACL
005 20250807123408.0
007 t|
008 040923s1932 sp f |||| | spa d
100 1 _aGregor, Joseph.
_959888
245 1 3 _aEl teatro y el cinematógrafo norteamericanos
_b: estudios históricos-culturales /
_cpor J. Gregor y R. Fülöp-Miller.
260 _aBarcelona :
_bGustavo Gili,
_c1932.
300 _a115 p., 151 lám. ;
_c32 cm.
650 0 4 _aTeatro norteamericano-
_xHistoria y crítica.
_9162129
650 _aCine-
_zEstados Unidos.
_9171050
700 1 _aFülöp-Miller, René,
_d1891-1963
_953012
852 _aES-MaACL
_jG-4888
999 _c75303
_d75303